[Event "AUTO-INT-1248"]
[Site "http://www.queenalice.com/game.php?id=560529"]
[Date "2009.3.23"]
[Round "1"]
[White "duplexx"]
[Black "Rieth"]
[Result "0-1"]
[WhiteElo "1649"]
[BlackElo "1653"]

1. e4 e5 2. Qh5 Nc6 3. Bb5 Nf6 4. Qh4 a6 5. Bxc6 bxc6 6. d3 Be7 7. Qg3 d5 8.
Qxg7 Rg8 9. Qh6 Rxg2 10. Qe3 Ng4 11. Qh6 Nxh6 12. Bxh6 Bh4 13. Nf3 Rxf2 14. Kd1
Rxf3 15. Nd2 Rf2 16. Rg1 Ke7 17. Be3 Rxh2 18. Nf3 Rh3 19. Bc5+ Ke6 20. exd5+
Qxd5 21. Nxh4 Rxh4 22. Bf8 Qf3+ 23. Kd2 Rh2+ 24. Kc3 e4 25. Rae1 Bb7 26. Rxe4+
Qxe4 27. dxe4 Rxf8 28. a4 Ke5 29. Rg4 f5 30. exf5 Rxf5 31. Rg7 c5 32. Rxc7 Kd5
33. Rxb7 Rf3# 0-1

[Event "AUTO-INT-1248"]
[Site "http://www.queenalice.com/game.php?id=560530"]
[Date "2009.3.23"]
[Round "1"]
[White "Rieth"]
[Black "duplexx"]
[Result "1-0"]
[WhiteElo "1669"]
[BlackElo "1621"]

1. e4 e5 2. Nf3 d5 3. exd5 Qxd5 4. Nc3 Qc5 5. d4 exd4 6. Nxd4 Qe5+ 7. Be2 Bc5 8.
Ncb5 Bxd4 9. Nxd4 Nf6 10. O-O O-O 11. Nf3 Qe6 12. Bg5 Ne4 13. Bd3 Nxg5 14. Nxg5
Qd5 15. Bxh7+ Kh8 16. Qh5 g6 17. Bxg6+ Kg7 18. Qh7+ Kf6 19. Ne4+ Ke7 20. Qh4+ f6
21. Qh7+ Ke6 22. Rfe1 Qb5 23. Nc3+ Qe5 24. Rxe5+ fxe5 25. Qh3+ Kf6 26. Qh5 Ke6
27. Re1 Nc6 28. Nb5 Rb8 29. Nxc7+ Kd6 30. Qh7 Be6 31. Rd1+ Kc5 32. Nxe6+ Kb6 33.
Nxf8 Rxf8 34. Qh3 Nd4 35. Qe3 Kb5 36. Qxe5+ Kc4 37. Rxd4# 1-0

[Event "Challenge"]
[Site "http://www.queenalice.com/game.php?id=576849"]
[Date "2009.4.24"]
[Round "-"]
[White "duplexx"]
[Black "paloberto"]
[Result "1-0"]
[WhiteElo "1643"]
[BlackElo "1746"]

1. e4 e5 2. Qh5 Nc6 3. Bc4 g6 4. Qf3 Nf6 5. d3 d6 6. Bg5 Bg7 7. Bb5 a6 8. Bxc6+
bxc6 9. Nd2 O-O 10. Ne2 c5 11. h4 Bg4 12. Qg3 Qd7 13. f3 Be6 14. f4 Ng4 15. Nf3
h6 16. h5 hxg5 17. Nxg5 Bh6 18. O-O-O Kg7 19. Rh4 Rab8 20. b3 Bxg5 21. fxg5 Rh8
22. Rdh1 a5 23. h6+ Kh7 24. a4 Rb4 25. Nc3 c6 26. Ne2 d5 27. exd5 cxd5 28. Rxg4
Bxg4 29. Qxe5 Qe6 30. Qg7# 1-0

[Event "AUTO-OPEN-1569"]
[Site "http://www.queenalice.com/game.php?id=594250"]
[Date "2009.5.27"]
[Round "1"]
[White "salso"]
[Black "duplexx"]
[Result "1-0"]
[WhiteElo "2045"]
[BlackElo "1688"]

1. e4 e5 2. Nf3 Qf6 3. Nc3 c6 4. d4 exd4 5. Qxd4 Qxd4 6. Nxd4 Bb4 7. a3 Bxc3+ 8.
bxc3 Nf6 9. f3 d5 10. exd5 Nxd5 11. c4 Nc3 12. a4 O-O 13. Bb2 Re8+ 14. Kd2 Nxa4
15. Rxa4 Na6 16. Rxa6 bxa6 17. Nxc6 Re6 18. Nd4 Rd6 19. Bd3 Bb7 20. Re1 Rb6 21.
Kc3 a5 22. Ra1 a4 23. Rxa4 Bc6 24. Nxc6 a6 25. Be4 Rc8 26. Ne7+ Kf8 27. Nxc8 Rb8
28. Ba3+ Ke8 29. Nd6+ Kd7 30. Bd5 f6 31. Rxa6 g5 32. Ra7+ Kd8 33. Rxh7 f5 34.
Rh8+ Kc7 35. Rxb8 Kxb8 36. Kd4 Kc7 37. c5 g4 38. Bb4 gxf3 39. gxf3 f4 40. Ke5
Kd7 41. c6+ Kd8 42. Ke6 Kc7 43. Ba5+ Kb8 44. Bb6 Ka8 45. c7# 1-0

[Event "AUTO-OPEN-1569"]
[Site "http://www.queenalice.com/game.php?id=594251"]
[Date "2009.5.27"]
[Round "1"]
[White "duplexx"]
[Black "salso"]
[Result "0-1"]
[WhiteElo "1686"]
[BlackElo "1965"]

1. e4 e6 2. Qh5 Nc6 3. Nf3 Nf6 4. Qh4 d5 5. e5 Ne4 6. Qxd8+ Kxd8 7. d3 Nc5 8.
Ng5 Ke8 9. Nc3 f6 10. exf6 gxf6 11. Nb5 Bd6 12. Nf3 e5 13. c4 dxc4 14. dxc4 a6
15. Nc3 e4 16. Nh4 Nb4 17. Kd1 Bg4+ 18. Be2 Bxe2+ 19. Nxe2 Ncd3 20. Rf1 Nxc1 21.
Kxc1 Nd3+ 22. Kc2 Be5 23. Nc3 Bxc3 24. Kxc3 Rd8 25. Nf5 b5 26. Ng7+ Kf7 27. Nf5
b4+ 28. Kb3 Ke6 29. Ng7+ Ke5 30. Rad1 Rhg8 31. Nh5 Rxg2 32. f4+ exf3 33. Rfe1+
Re2 34. Rg1 Rxb2+ 35. Ka4 Rxa2+ 36. Kb3 Ra3+ 37. Kc2 Rc3+ 38. Kb1 f2 39. Rgf1
Rd4 40. Rd2 Rdxc4 41. Re2+ Re4 42. Rxe4+ Kxe4 43. Nxf6+ Kf3 44. Nd5 Rc1+ 45.
Rxc1 Nxc1 46. Kxc1 f1=Q+ 47. Kb2 c5 48. h4 a5 49. Nb6 Ke4 50. Kb3 Qb5 51. Nc8
a4+ 52. Kc2 Qc4+ 53. Kd2 Qd3+ 54. Ke1 Ke3 55. Ne7 Qe2# 0-1

[Event "AUTO-OPEN-1569"]
[Site "http://www.queenalice.com/game.php?id=594272"]
[Date "2009.5.27"]
[Round "1"]
[White "erivaldoadao"]
[Black "duplexx"]
[Result "1-0"]
[WhiteElo "1959"]
[BlackElo "1693"]

1. e4 e5 2. Nf3 Qf6 3. Nc3 c6 4. Bc4 b5 5. Bd3 Bb4 6. O-O d6 7. a3 Qg6 8. axb4
Bh3 9. Nh4 Qg5 10. g3 Bxf1 11. Bxf1 Nf6 12. d3 Qh5 13. Qxh5 Nxh5 14. Bh3 O-O 15.
Be3 f6 16. Nf5 d5 17. exd5 cxd5 18. Nxd5 Nc6 19. Bg4 g6 20. Nh6+ Kg7 21. Bxh5
gxh5 22. Nc7 Nxb4 23. Ne6+ Kg6 24. Nxf8+ Rxf8 25. Rxa7 Nxc2 26. Bd2 Rd8 27. Nf7
Rxd3 28. Bc3 b4 29. Bxe5 Rd1+ 30. Kg2 fxe5 31. Nxe5+ Kf5 32. Ra5 Ne1+ 33. Kf1
Ke4 34. Ke2 Rb1 35. f3+ Kd4 36. Nc6+ Kc4 37. Rxh5 Kb3 38. Rxh7 Ng2 39. Rb7 Rxb2+
40. Kf1 Ne3+ 41. Ke1 Nd5 42. h4 Rb1+ 43. Kd2 Rb2+ 44. Kd3 Rf2 45. Ke4 Nc3+ 46.
Ke3 Re2+ 47. Kd3 Rf2 48. Rxb4+ Ka3 49. Kxc3 Rxf3+ 50. Kd4 Rxg3 51. Rb8 Rg4+ 52.
Kc3 Rxh4 53. Nd4 Rh3+ 54. Kc4 Ka2 55. Ne2 Rh4+ 56. Kc3 Rh3+ 57. Kc2 Ka3 58. Rb1
Ka4 59. Nf4 Rh2+ 60. Kd3 Ra2 61. Nd5 Ra3+ 62. Kc4 Ka5 63. Nc7 Ra4+ 64. Kc5 Re4
65. Rb8 Re5+ 66. Nd5 Re6 67. Rb1 Re2 68. Ra1+ Ra2 69. Rxa2# 1-0

[Event "AUTO-OPEN-1569"]
[Site "http://www.queenalice.com/game.php?id=594273"]
[Date "2009.5.27"]
[Round "1"]
[White "duplexx"]
[Black "erivaldoadao"]
[Result "1-0"]
[WhiteElo "1664"]
[BlackElo "1730"]

1. e4 c5 2. d4 cxd4 3. Qxd4 Nc6 4. Qc3 e5 5. Bb5 Bd6 6. a3 Nf6 7. Bg5 O-O 8. Qg3
a6 9. Bd3 Nd4 10. Nd2 b5 11. c3 Be7 12. cxd4 d6 13. Nb3 Bb7 14. dxe5 dxe5 15.
Rd1 Qb6 16. Qxe5 Rae8 17. Qf5 Bxe4 18. Bxe4 Nxe4 19. Bxe7 Rxe7 20. Ne2 g6 21.
Qf4 a5 22. O-O a4 23. Rd6 Nxd6 24. Nbc1 Nc4 25. Nc3 Nxb2 26. Nd5 1-0

[Event "AUTO-OPEN-1569"]
[Site "http://www.queenalice.com/game.php?id=594284"]
[Date "2009.5.27"]
[Round "1"]
[White "GEORGESILVA"]
[Black "duplexx"]
[Result "1-0"]
[WhiteElo "1933"]
[BlackElo "1683"]

1. e4 e5 2. d4 Qh4 3. Qd3 Nf6 4. dxe5 Nxe4 5. g3 Nc5 6. gxh4 Nxd3+ 7. Bxd3 Bb4+
8. Bd2 Bxd2+ 9. Nxd2 O-O 10. O-O-O Re8 11. Ngf3 d5 12. exd6 cxd6 13. Rde1 Rxe1+
14. Rxe1 Bd7 15. Bf5 Kf8 16. Bxd7 Nxd7 17. Nc4 Re8 18. Rxe8+ Kxe8 19. Nxd6+ Ke7
20. Nxb7 Nf6 21. Kd2 Ne4+ 22. Ke3 f5 23. Ng5 Nxg5 24. hxg5 g6 25. c4 Ke6 26. f4
Kd7 27. b4 Kc7 28. Nc5 Kb6 29. a4 a5 30. Kd4 axb4 31. Nb3 Kc6 32. a5 Kb7 33. Kd5
Kc7 34. c5 h5 35. gxh6 Kb7 36. h7 Ka6 37. h8=Q Kb5 38. a6 Kxa6 39. Kc6 Ka7 40.
Qg7+ Kb8 41. Qb7# 1-0

[Event "AUTO-OPEN-1569"]
[Site "http://www.queenalice.com/game.php?id=594285"]
[Date "2009.5.27"]
[Round "1"]
[White "duplexx"]
[Black "GEORGESILVA"]
[Result "0-1"]
[WhiteElo "1653"]
[BlackElo "1831"]

1. e4 c5 2. d4 cxd4 3. Qxd4 Nc6 4. Qc3 d6 5. Bb5 Bd7 6. Nf3 Nf6 7. Ng5 h6 8.
Bxc6 Bxc6 9. Qb3 hxg5 10. f3 e6 11. Nc3 g4 12. Bg5 gxf3 13. gxf3 Rh3 14. Kf2 Be7
15. Kg2 Rh5 16. Bf4 Kf8 17. Rad1 Qc8 18. h4 e5 19. Be3 Nxe4 20. fxe4 Qg4+ 21.
Kf1 Qf3+ 22. Kg1 Qxe3+ 23. Kg2 Bxh4 24. Rh3 Qf2+ 25. Kh1 Rg5 26. Rh2 Qf3+ 27.
Rg2 Qxg2# 0-1

[Event "AUTO-INT-1372"]
[Site "http://www.queenalice.com/game.php?id=616804"]
[Date "2009.7.11"]
[Round "1"]
[White "JAmaro"]
[Black "duplexx"]
[Result "0-1"]
[WhiteElo "1761"]
[BlackElo "1727"]

1. d4 e6 2. a3 b6 3. d5 e5 4. g3 Bc5 5. b3 Bd4 6. c3 Bc5 7. Bg2 Qf6 8. e3 a5 9.
Nf3 d6 10. Qd3 Ba6 11. c4 Bc8 12. Bd2 Bg4 13. Qe2 e4 14. Bc3 Qg6 15. Nbd2 exf3
16. Bxf3 Bxf3 17. Qxf3 Ne7 18. Ne4 Nd7 19. h4 h5 20. O-O f5 21. Nxc5 Nxc5 22. b4
Nb3 23. Rab1 a4 24. b5 O-O-O 25. Rbe1 Nc5 26. Rd1 Ne4 27. Bd4 c5 28. dxc6 Kc7
29. Rfe1 Rh7 30. Qf4 Qe6 31. Rc1 Ng6 32. Qf3 Nd2 33. Qe2 Nb3 34. Rb1 Nxd4 35.
Qd1 Nb3 36. Rxb3 axb3 37. Qxb3 Ra8 38. Qb4 Ne5 39. Rd1 Nf3+ 40. Kg2 Ne5 41. f4
Nxc4 42. a4 Nxe3+ 43. Kh3 Nxd1 44. a5 Rxa5 45. Qb1 Nf2+ 46. Kg2 Ra2 47. Kf1 Qe2+
48. Kg1 Nh3+ 49. Kh1 Qg2# 0-1

[Event "AUTO-INT-1372"]
[Site "http://www.queenalice.com/game.php?id=616805"]
[Date "2009.7.11"]
[Round "1"]
[White "duplexx"]
[Black "JAmaro"]
[Result "1-0"]
[WhiteElo "1703"]
[BlackElo "1901"]

1. e4 e5 2. Qh5 Qf6 3. Bc4 a6 4. Nc3 c6 5. d3 g6 6. Qh3 Bc5 7. Nf3 h6 8. Na4 Ba7
9. O-O b5 10. Bxb5 axb5 11. Nc3 Na6 12. Qg3 d6 13. Be3 b4 14. Na4 g5 15. Bxa7
Rxa7 16. Nb6 Ne7 17. Nxc8 Nxc8 18. Qg4 Ra8 19. a3 Nb6 20. axb4 O-O 21. h4 Qg7
22. hxg5 Nxb4 23. c3 Rxa1 24. Rxa1 Nxd3 25. Rd1 Nxb2 26. Rxd6 N6c4 27. Rxc6 Rd8
28. Rc8 Rxc8 29. Qxc8+ Kh7 30. Qf5+ Kh8 31. gxh6 Qxh6 32. Qxf7 Nd2 33. Qe8+ Kg7
34. Qd7+ Kg8 35. Nxe5 Nxe4 36. Qf7+ Kh8 37. Ng6+ Qxg6 38. Qxg6 Nd2 39. Qh6+ Kg8
40. Qxd2 Na4 41. Qd5+ Kf8 42. Qa8+ Ke7 43. Qxa4 1-0

[Event "AUTO-INT-1372"]
[Site "http://www.queenalice.com/game.php?id=616820"]
[Date "2009.7.11"]
[Round "1"]
[White "roliveira2009"]
[Black "duplexx"]
[Result "0-1"]
[WhiteElo "1580"]
[BlackElo "1681"]

1. e4 e5 2. Bc4 Qh4 3. Nf3 Qxe4+ 4. Qe2 Qxc2 5. O-O Qf5 6. Nxe5 Ne7 7. Nc3 f6 8.
Qe4 fxe5 9. Re1 Qxe4 10. Rxe4 d5 11. Nxd5 Nxd5 12. Bxd5 Bd6 13. b3 c6 14. Bc4 b5
15. Be2 Bf5 16. Re3 O-O 17. Bb2 Na6 18. Bxe5 Bxe5 19. Rxe5 Nb4 20. Rc1 Rad8 0-1

[Event "AUTO-INT-1372"]
[Site "http://www.queenalice.com/game.php?id=616821"]
[Date "2009.7.11"]
[Round "1"]
[White "duplexx"]
[Black "roliveira2009"]
[Result "0-1"]
[WhiteElo "1693"]
[BlackElo "1559"]

1. e4 e5 2. Qh5 Nh6 3. Qxe5+ Qe7 4. Qxc7 Nc6 5. Qf4 Qe5 6. Nh3 g5 7. Qe3 Nd4 8.
Qd3 d5 9. f3 Bg7 10. c3 Nc6 11. Qxd5 Be6 12. Qxe5 Bxe5 13. Nxg5 O-O-O 14. Bb5
Bf6 15. Nxe6 fxe6 16. d4 Rhg8 17. Bxh6 Rxg2 18. Bxc6 bxc6 19. e5 Bh4+ 20. Kf1
Rf2+ 21. Kg1 Rg8+ 22. Bg5 Rxg5# 0-1

[Event "AUTO-INT-1372"]
[Site "http://www.queenalice.com/game.php?id=616832"]
[Date "2009.7.11"]
[Round "1"]
[White "duplexx"]
[Black "Kike"]
[Result "1-0"]
[WhiteElo "1699"]
[BlackElo "1348"]

1. e4 e5 2. Qh5 Nf6 3. Qxe5+ Be7 4. d3 d6 5. Qb5+ Bd7 6. Qxb7 Nc6 7. Qb3 O-O 8.
Bg5 Nd4 9. Qc3 Ne6 10. e5 dxe5 11. Qxe5 Bb4+ 12. c3 Bd6 13. Qa5 Nxg5 14. Qxg5
Qe7+ 15. Ne2 Rab8 16. b4 a6 17. Qe3 Qd8 18. Nd2 Rb5 19. O-O-O c6 20. a4 Rf5 21.
Nd4 Re5 22. Qg3 g6 23. Nc4 Re1 24. Nxd6 Qe7 25. Ne2 Rxd1+ 26. Kxd1 Kg7 27. h4 c5
28. bxc5 h6 29. d4 Bxa4+ 30. Kc1 Ne4 31. Nf5+ Kf6 32. Nxe7 1-0

[Event "AUTO-INT-1372"]
[Site "http://www.queenalice.com/game.php?id=616833"]
[Date "2009.7.11"]
[Round "1"]
[White "Kike"]
[Black "duplexx"]
[Result "0-1"]
[WhiteElo "1346"]
[BlackElo "1701"]

1. d4 e6 2. e3 Qh4 3. Qe2 Bb4+ 4. Bd2 a5 5. Nc3 Bxc3 6. Bxc3 Nf6 7. O-O-O Ne4 8.
Nf3 Qxf2 9. Qd3 Nxc3 10. Qxc3 Nc6 11. Bb5 Qxg2 12. Nd2 Qd5 13. Bxc6 bxc6 14. e4
Qg5 15. Rhg1 Qh6 16. b3 O-O 17. d5 Bb7 18. dxe6 dxe6 19. Kb2 Rad8 20. a3 Rd7 21.
Nf3 Rxd1 22. Rxd1 Qh5 23. Rf1 Qb5 24. Rg1 f6 25. a4 Qe2 26. Rg3 Qxe4 27. h4 Qf4
28. Rg2 c5 29. Qxc5 Bxf3 30. Rf2 Rd8 31. Qe7 Qd4+ 0-1

[Event "AUTO-INT-1207"]
[Site "http://www.queenalice.com/game.php?id=625630"]
[Date "2009.7.27"]
[Round "2"]
[White "Attia"]
[Black "duplexx"]
[Result "0-1"]
[WhiteElo "1698"]
[BlackElo "1705"]

1. e4 e5 2. Nf3 Nc6 3. Nc3 Nf6 4. Be2 Bb4 5. d3 Bxc3+ 6. bxc3 O-O 7. O-O d5 8.
Bg5 dxe4 9. dxe4 Qxd1 10. Raxd1 Nxe4 11. c4 Nc3 12. Rd2 Nxa2 13. Bd3 Bg4 14. Re1
Bxf3 15. gxf3 f6 16. Bh4 Rad8 17. Red1 Nc3 18. Bxh7+ Kxh7 19. Rxd8 Nxd8 20. Rd3
Ne2+ 21. Kh1 g5 0-1

[Event "AUTO-INT-1207"]
[Site "http://www.queenalice.com/game.php?id=625631"]
[Date "2009.7.27"]
[Round "2"]
[White "duplexx"]
[Black "Attia"]
[Result "1-0"]
[WhiteElo "1688"]
[BlackElo "1715"]

1. e4 e5 2. Qh5 Nf6 3. Qxe5+ Be7 4. Qg5 O-O 5. Qe5 Nc6 6. Qf4 Bd6 7. Qh4 Re8 8.
d3 Be7 9. Qg3 d6 10. Bh6 g6 11. f4 Kh8 12. e5 dxe5 13. fxe5 Bc5 14. Nf3 Nd4 15.
Nxd4 Bxd4 16. c3 Bxe5 17. Qf2 Bg3+ 18. Be2 Bxf2+ 19. Kxf2 Qe7 20. Re1 Qd6 21. g3
1-0

[Event "AUTO-INT-1207"]
[Site "http://www.queenalice.com/game.php?id=625632"]
[Date "2009.7.27"]
[Round "2"]
[White "reibas"]
[Black "duplexx"]
[Result "1-0"]
[WhiteElo "1830"]
[BlackElo "1721"]

1. e4 e5 2. Nf3 Nc6 3. Bc4 Qf6 4. Nc3 Na5 5. Nd5 Qc6 6. Nxe5 Qc5 7. Qf3 f6 8. d4
Qd6 9. Qh5+ g6 10. Nxg6 hxg6 11. Qxg6+ Kd8 12. Bf4 Qe6 13. Nxc7 Qxc4 14. Qe8#
1-0

[Event "AUTO-INT-1207"]
[Site "http://www.queenalice.com/game.php?id=625633"]
[Date "2009.7.27"]
[Round "2"]
[White "duplexx"]
[Black "reibas"]
[Result "0-1"]
[WhiteElo "1709"]
[BlackElo "1852"]

1. e4 e5 2. Qh5 Qf6 3. d3 Bc5 4. Nf3 d6 5. Bg5 Qg6 6. Qh4 f6 7. Be3 Bxe3 8. fxe3
Nc6 9. Nc3 Nb4 10. O-O-O Be6 11. a3 Na2+ 12. Nxa2 Bxa2 13. b3 Qf7 14. Kb2 Bxb3
15. cxb3 b5 16. d4 exd4 17. Bxb5+ Kf8 18. Rxd4 a6 19. Bc6 Rb8 20. Ba4 c5 21.
Rxd6 Qc4 0-1

[Event "AUTO-INT-1372"]
[Site "http://www.queenalice.com/game.php?id=719346"]
[Date "2010.1.24"]
[Round "2"]
[White "duplexx"]
[Black "Superpoderosa"]
[Result "0-1"]
[WhiteElo "1769"]
[BlackElo "2120"]

1. e4 c5 2. d4 cxd4 3. Qxd4 Nf6 4. e5 Nc6 5. Qc5 Ne4 6. Qd5 f5 7. exf6 Nxf6 8.
Qg5 d5 9. Bb5 a6 10. Bxc6+ bxc6 11. Nf3 Ne4 12. Qe5 Bg4 13. Bh6 Nf6 14. Bg5 Nd7
15. Qd4 Bf5 16. Qc3 Qb6 17. Nbd2 h6 18. Nh4 Bh7 19. Be3 c5 20. Qb3 d4 21. Qd5
Rd8 22. Nc4 Qf6 23. Bxh6 Qxh6 24. Nf5 Qf6 25. g4 Nb6 26. Qxc5 Qe6+ 0-1

[Event "AUTO-INT-1372"]
[Site "http://www.queenalice.com/game.php?id=719347"]
[Date "2010.1.24"]
[Round "2"]
[White "Superpoderosa"]
[Black "duplexx"]
[Result "1-0"]
[WhiteElo "2118"]
[BlackElo "1771"]

1. d4 e6 2. e4 Qh4 3. Bd3 c5 4. c3 cxd4 5. cxd4 Bb4+ 6. Nc3 d5 7. g3 Qf6 8. e5
Bxc3+ 9. bxc3 Qd8 10. Ne2 Nh6 11. Qc2 Nf5 12. O-O a5 13. Ba3 Bd7 14. Rfb1 Qc7
15. Nf4 g6 16. g4 Nh4 17. Be2 h5 18. Bd6 Qc8 19. g5 Qd8 20. Nh3 Ra7 21. Qd2 a4
22. f4 Nc6 23. Qe1 Nf5 24. Bc5 Ra8 25. Rxb7 Na5 26. Rb4 1-0